MARC details
| 000 -LEADER |
| campo de control de longitud fija |
01990cam a2200409 i 4500 |
| 003 - IDENTIFICADOR DE NÚMERO DE CONTROL |
| campo de control |
BJBSDDR |
| 005 - FECHA Y HORA DE LA ÚLTIMA TRANSACCIÓN |
| campo de control |
20230411085939.0 |
| 007 - CAMPO FIJO DE DESCRIPCIÓN FÍSICA--INFORMACIÓN GENERAL |
| campo de control de longitud fija |
ta |
| 008 - DATOS DE LONGITUD FIJA--INFORMACIÓN GENERAL |
| campo de control de longitud fija |
130401s2013 nyuaf b 001 0deng |
| 020 ## - NÚMERO INTERNACIONAL ESTÁNDAR DEL LIBRO |
| Número Internacional Estándar del Libro |
9780062065841 (hardcover) |
| 035 ## - NÚMERO DE CONTROL DEL SISTEMA |
| Número de control de sistema |
17680371 |
| 040 ## - FUENTE DE CATALOGACIÓN |
| Centro catalogador/agencia de origen |
DLC |
| Lengua de catalogación |
eng |
| Centro/agencia transcriptor |
DLC |
| 041 ## - CÓDIGO DE IDIOMA |
| Código de lengua del texto/banda sonora o título independiente |
Eng |
| 042 ## - CÓDIGO DE AUTENTICACIÓN |
| Código de autenticación |
pcc |
| 043 ## - CÓDIGO DE ÁREA GEOGRÁFICA |
| Código de área geográfica |
n-us--- |
| 050 14 - SIGNATURA TOPOGRÁFICA DE LA BIBLIOTECA DEL CONGRESO |
| Número de clasificación |
002 E 842 |
| Número de ítem |
D146c 2013 |
| 082 00 - NÚMERO DE LA CLASIFICACIÓN DECIMAL DEWEY |
| Número de clasificación |
973.922092 |
| Número de edición |
23 |
| 100 1# - ENTRADA PRINCIPAL--NOMBRE DE PERSONA |
| Nombre de persona |
Dallek, Robert, |
| Fechas asociadas al nombre |
1934- |
| 245 10 - MENCIÓN DEL TÍTULO |
| Título |
Camelot's court : |
| Resto del título |
inside the Kennedy White House / |
| Mención de responsabilidad, etc. |
Robert Dallek. |
| 250 ## - MENCION DE EDICION |
| Mención de edición |
First edition. |
| 264 #1 - PRODUCCIÓN, PUBLICACIÓN, DISTRIBUCIÓN, FABRICACIÓN Y COPYRIGHT |
| Producción, publicación, distribución, fabricación y copyright |
New York, NY : |
| Nombre del de productor, editor, distribuidor, fabricante |
HarperCollins Publishers, |
| Fecha de producción, publicación, distribución, fabricación o copyright |
[2013] |
| 300 ## - DESCRIPCIÓN FÍSICA |
| Extensión |
xii, 492 pages, 8 unnumbered pages of plates : |
| Otras características físicas |
illustrations ; |
| Dimensiones |
24 cm |
| 504 ## - NOTA DE BIBLIOGRAFÍA, ETC. |
| Nota de bibliografía, etc. |
Includes bibliographical references (pages 459-463) and index. |
| 505 0# - NOTA DE CONTENIDO CON FORMATO |
| Nota de contenido con formato |
John F. Kennedy: prelude to a presidency -- Robert F. Kennedy: adviser-in-chief -- "A ministry of talent" -- "Never rely on the experts -- "Roughest thing in my life" -- Advice and dissent -- "The greatest adventure of our century" -- If we listen to them, none of us will be alive -- "Mankind must put an end to war" -- "The two of you did visit the same country, didn't you?" -- Epilogue: "What he is slated to become depends on us". |
| 600 10 - PUNTO DE ACCESO ADICIONAL DE MATERIA--NOMBRE DE PERSONA |
| Nombre de persona |
Kennedy, John F. |
| Forma completa/desarrollada del nombre |
(John Fitzgerald), |
| Fechas asociadas al nombre |
1917-1963. |
| 600 10 - PUNTO DE ACCESO ADICIONAL DE MATERIA--NOMBRE DE PERSONA |
| Nombre de persona |
Kennedy, John F. |
| Forma completa/desarrollada del nombre |
(John Fitzgerald), |
| Fechas asociadas al nombre |
1917-1963 |
| Subdivisión general |
Friends and associates. |
| 600 14 - PUNTO DE ACCESO ADICIONAL DE MATERIA--NOMBRE DE PERSONA |
| Nombre de persona |
Kennedy, John F. |
| Forma completa/desarrollada del nombre |
(John Fitzgerald), |
| Fechas asociadas al nombre |
1917-1963 |
| Subdivisión general |
Amigos y asociados |
| 650 #0 - PUNTO DE ACCESO ADICIONAL DE MATERIA--TÉRMINO DE MATERIA |
| Término de materia o nombre geográfico como elemento de entrada |
Cabinet officers |
| Subdivisión geográfica |
United States |
| Subdivisión general |
History |
| Subdivisión cronológica |
20th century. |
| 650 #0 - PUNTO DE ACCESO ADICIONAL DE MATERIA--TÉRMINO DE MATERIA |
| Término de materia o nombre geográfico como elemento de entrada |
Political consultants |
| Subdivisión geográfica |
United States |
| Subdivisión general |
History |
| Subdivisión cronológica |
20th century. |
| 650 #0 - PUNTO DE ACCESO ADICIONAL DE MATERIA--TÉRMINO DE MATERIA |
| Término de materia o nombre geográfico como elemento de entrada |
Political leadership |
| Subdivisión geográfica |
United States |
| Subdivisión general |
History |
| Subdivisión cronológica |
20th century. |
| 650 #4 - PUNTO DE ACCESO ADICIONAL DE MATERIA--TÉRMINO DE MATERIA |
| Término de materia o nombre geográfico como elemento de entrada |
Consultores políticos |
| Subdivisión geográfica |
Estados Unidos |
| 9 (RLIN) |
7121 |
| 650 #0 - PUNTO DE ACCESO ADICIONAL DE MATERIA--TÉRMINO DE MATERIA |
| Término de materia o nombre geográfico como elemento de entrada |
Liderazgo politico |
| 9 (RLIN) |
3209 |
| 651 #0 - PUNTO DE ACCESO ADICIONAL DE MATERIA--NOMBRE GEOGRÁFICO |
| Nombre geográfico |
United States |
| Subdivisión general |
Politics and government |
| Subdivisión cronológica |
1961-1963. |
| 651 #4 - PUNTO DE ACCESO ADICIONAL DE MATERIA--NOMBRE GEOGRÁFICO |
| Nombre geográfico |
Estados Unidos |
| Subdivisión general |
Política y gobierno |
| Subdivisión cronológica |
1961-1963 |
| 9 (RLIN) |
2202 |
| 942 ## - ELEMENTOS DE ENTRADA SECUNDARIOS (KOHA) |
| Fuente del sistema de clasificación o colocación |
Clasificación de Library of Congress |
| Tipo de ítem Koha |
Libro |
| 946 ## - PROCESAMIENTO DE INFORMACIÓN LOCAL (OCLC) |
| a |
dvf |